1510 1706 1293 1119 1860 1497 1425 1283 1031 1910 1282 1354 1691 1189 1092 1478 1951 1637 1568 1021 1909 1878 1705 1623 1789 1445 1870 1595 1105 1123 1732 1799 1785 1927 1192 1781 1467 1435 1819 1909 1591 1678 1151 1020 1057 1454 1746 1472 1690 1884 1346 1984 1322 1985 1476 1749 1245 1528 1700 1653 1692 1547 1360 1968 1417 1932 1516 1575 1333 1981 1451 1877 1155 1093 1953 1613 1854 1081 1178 1264 1901 1358 1110 1256 1491 1253 1965 1639 1535 1977 1479 1131 1750 1547 1263 1524 1006 1581 1814 BCNSPRNW ULIB Ver.6.0+V

เปลี่ยนเป็นภาษาไทย

Change to English
 แสดงรายละเอียดบรรณานุกรม
  กลับหน้าหลัก

Brief Record : Get Marc (ISO 2709) : E-mail record : QR code < ปิดหน้าต่าง
LEADER : 00000nam 2200000uu 4500
001    13399113557
003     ULIB
008    111128s2550||||th 000 0 tha d
020    ^a9789747503364
090    ^aนว.^bม979ภ 2550
100 0  ^aMimoza
245 00 ^aภารกิจรักพิทักษ์หัวใจนายยอมบู๊
250    ^aพิมพ์ครั้งที่ 1
260    ^aกรุงเทพฯ :^bแจ่มใส,^c2550
300    ^a262 หน้า
710 1  ^aแจ่มใส
945    ^p189^l0^i14453
995    ^aกัณชพร
999    ^aใช้งานได้ทุกระบบ
รายการนี้ยังไม่มีแท็ก
คุณยังไม่ได้ล็อกอิน คุณสามารถมีกิจกรรมร่วมกับเว็บไซต์ได้ แต่ต้องล็อกอินก่อน ::
  ล็อกอิน

รายการสื่อสารสนเทศ

ลำดับที่ ประเภท เลขเรียก/บาร์โค้ด สถานที่ สถานะ
1. นวนิยาย
นวนิยาย
นว. ม979ภ 2550  
  Barcode: 14453
ห้องสมุดวิทยาเขตสวรรค์ประชารักษ์
►นวนิยาย
บนชั้น
  ขอยืม

BibComment


ยังไม่เคยถูกคอมเมนท์

คอมเมนท์ทรัพยากรรายการนี้
  คอมเมนท์: ภารกิจรักพิทักษ์..


 Copyright 2026. Bcnsprnw @Library